Responses for show #4717 - Tuesday, February 22, 2005

2005 Ultimate Tournament of Champions Round 1, game 10.

Contestants

[<< previous game]

Jack Archey, an actor and writer from Los Angeles, California

Sandra Gore, a corporate researcher from Berkeley, California

Michael Dupée, an attorney from Gainesville, Florida

[next game >>]

Jeopardy! Round responses

MY LITTLE BLACK BOOK
IN THE 2005 ESPN ALMANAC
"A" MEN
EAT IT, SPEND IT, OR WEAR IT
THEY COME IN SEVENS
3 Es PLEASE
    $200 26
Jo

Michael
    $200 5
(John) Wooden

Jack
    $200 1
(Sandra: Who is Anwar Sadat?)

Yasser Arafat

Sandra
Triple Stumper
    $200 7
wear it

Jack
    $200 17
the Seven Wonders of the Ancient World

Jack
    $200 12
Attorney General

Jack
    $400 27
Sherry

Sandra
    $400 6
(Michael: Who is Nicklaus?)

Arnold Palmer

MichaelSandra
    $400 2
Aeschylus

Michael
    $400 25
(Alex: [After Sandra selects the next clue] I thought you were telling me to do something.
[Laughter])

eat it

Sandra
    $400 18
Deadly Sins

Sandra
    $400 13
Jezebel

Sandra
    $600 30
Melanie

Triple Stumper
    $600 8
Dale Earnhardt

Jack
    $600 3
(Richard) Avedon

Michael
    $600 24
wear it

Sandra
    $600 21
samurai

Michael
    $600 14
a bachelorette

Michael
    $3,400 29
Whitney

Sandra
    $800 9
(Jack: Who-Is-How-Ard-Co-Sell?)
(Alex: I-Thank-You-Ve-Ry-Much!)

Howard Cosell

Jack
    $800 4
(Richard or Dick) Armey

Jack
    $800 20
(Alex: The currency of Ethiopia.)

spend it

Triple Stumper
    $800 22
dwarves

Michael
    $800 15
Beelzebub

Michael
    $1000 28
Mercedes

Triple Stumper
    $1000 10
Don King

Jack
    $1000 11
(Alvin) Ailey

Michael
    $1000 19
(Alex: Yes, cinnamon buns.)

eat it

Sandra
    $1000 23
(Michael: What are the Seven Ages of Life?) [Initially judged incorrect, ruled acceptable before the Daily Double at clue 29]

the Seven Ages of Man

MichaelSandra
    $1000 16
(Sandra: ...Who is...)

(John) Cheever

MichaelSandra

Scores at the first commercial break (after clue 16):

Michael Sandra Jack
$4,000 -$400 $3,800

Scores at the end of the Jeopardy! Round:

Michael Sandra Jack
$6,600 $6,800 $4,000

Double Jeopardy! Round responses

AFRICAN-AMERICAN LIT
I "WONDER"
CONTEMPORARIES
IT'S ALL A PLANT
PRE-CIVIL WAR AMERICA
RHYMES WITH SONY
    $400 21
Alice Walker

Sandra
    $400 10
Stevie Wonder

Jack
    $400 26
Macbeth

Michael
    $400 2
the bald cypress

Michael
    $400 16
Niagara Falls

Michael
    $400 1
alimony

Sandra
    $800 22
the Harlem Renaissance

Jack
    $800 11
"Nature's Wonderland"

Triple Stumper
    $800 27
Rembrandt

Triple Stumper
    $800 3
the rose

Michael
    $800 17
Sequoyah

Michael
    $800 5
a crony

Jack
    $1200 23
John Coltrane

Michael
    $1200 12
Wonderful Town

Sandra
    $1200 28
Charlotte

Sandra
    $1200 4
coca

Sandra
    $3,900 18
(Alex: You could make it very difficult for Sandra and Jack to catch up.)
(Michael: Let's do $3,900.)
(Alex: $3,900--interesting wager.)

the Black Hawk War

Michael
    $1200 6
tony

Michael
    $1600 24
Jomo Kenyatta

Sandra
    $1600 13
Wonder Works

Triple Stumper
    $1600 30
Marquette

Jack
    $2,000 8
a pomegranate

Michael
    $1600 19
(Michael: Who is Mather?)
(Alex: Which one?)
(Michael: Who is... Cotton Mather?)
(Alex: No.)

Increase Mather

MichaelSandra
    $1600 7
(Sandra: Wh--Sorry.)
(Michael: What is parsimony?)

sanctimony

MichaelSandra
Triple Stumper
    $2000 25
Giovanni

Michael
    $2000 14
(Sandra: What is... Wonder Boy?)
...
(Alex: You were so close, Sandra. There were a number of them.)

Wonder Boys

SandraJack
    $2000 29
El Cid

Michael
    $2000 9
a ti

Sandra
    $2000 20
(Sandra: What is the Whiskey Rebellion?)

Shays' Rebellion

MichaelSandra
    $2000 15
acrimony

Michael

Scores at the end of the Double Jeopardy! Round:

Michael Sandra Jack
$22,500 $10,800 $9,600
(lock game)

[wagering suggestions for these scores]

Final Jeopardy! Round responses

POLITICAL GEOGRAPHY
JackWhat are Iceland + Greenland?
$9,600
SandraWhat is England + Australi
$800
MichaelWhat is Japan + U.K ?
$0
Japan & the United Kingdom

Final scores:

Michael Sandra Jack
$22,500 $10,000 $0
Winner: $22,500 + an advance to UToC Round 2 2nd place: $5,000 3rd place: $5,000

Game dynamics:

Coryat scores:

Michael Sandra Jack
$19,400 $8,200 $9,600
23 R
(including 2 DDs),
3 W
17 R
(including 1 DD),
5 W
13 R,
0 W

Combined Coryat: $37,200

The J! Archive is created by fans, for fans. The Jeopardy! game show and all elements thereof, including but not limited to copyright and trademark thereto, are the property of Jeopardy Productions, Inc. and are protected under law. This website is not affiliated with, sponsored by, or operated by Jeopardy Productions, Inc. Join the discussion at JBoard.tv.